000 00322nam a22001337a 4500
020 _a8178081628
040 _cNUST
082 _a006.7
_bBUF
100 _aJohn F. Koegel Buford
_9125307
245 _aMultimedia Systems
260 _aIndia:
_bPearson Education,
_c2002.
650 _2Multimedia Systems
942 _2ddc
_cBK
999 _c611067
_d611067